Jane's merchant shipping review

Gespeichert in:
Bibliographische Detailangaben
1. Verfasser: Ambrose, A. J (VerfasserIn)
Format: Buch
Sprache:Englisch
Veröffentlicht: Londres Jane's Publishing 1985
Schlagworte:
Tags: Tag hinzufügen
Keine Tags, Fügen Sie den ersten Tag hinzu!

MARC

LEADER 00000nam a2200000 a 4500
001 UCU8871
003 CL-VaPUC
008 960802e19850000UK |||||||||||||||||eng|d
082 0 4 |a 387.2  |b AMB  |2 21 
100 0 |a Ambrose, A. J  |e author  |9 530599 
245 1 0 |a Jane's merchant shipping review 
300 |a 175 p 
942 |c BK 
945 |d 19960802 00:00:00  |a paguirre 
260 |a Londres  |b Jane's Publishing  |c 1985 
650 7 |a BUQUES MERCANTES  |2 CL-VaPUC  |9 358741 
650 0 |a Transporte marítimo  |9 260127 
650 7 |a TECNOLOGIA NAVAL  |2 CL-VaPUC  |9 359373 
650 7 |a BUQUES  |2 CL-VaPUC  |9 340467 
583 |a last modification  |c 19960802 00:00:00  |k Rodrigo Vera 
999 |c 330681  |d 330679 
952 |0 0  |1 0  |4 0  |6 387_200000000000000_AMB_1985  |7 0  |8 A  |9 416380  |a BIBING  |b BIBING  |d 2019-11-22  |i 1720694  |o 387.2 AMB 1985  |p 1720694  |r 2025-01-20  |w 2019-11-22  |y BK  |k TRA